Statistics for Cricket: Leading English Test Bowlers A-Z

Click here to take the quiz!

General Stats

  • This quiz has been taken 251 times
  • The average score is 11 of 23

Answer Stats

letterwicketsplayer% Correct
A506James Anderson
100%
B388Stuart Broad
98%
W325Bob Willis
75%
S255Graeme Swann
74%
F219Andrew Flintoff
70%
U297Derek Underwood
66%
T307Fred Trueman
63%
H248Matthew Hoggard
61%
G229Darren Gough
59%
C234Andy Caddick
50%
J59Simon Jones
47%
L193Jim Laker
46%
I122Ray Illingworth
42%
P167Monty Panesar
41%
O143Chris Old
39%
E147John Emburey
38%
M128Devon Malcolm
30%
V144Hedley Verity
25%
Y21Norman Yardley
24%
D140Phil DeFreitas
22%
R127Wilfred Rhodes
8%
K70Barry Knight
7%
N41Stan Nichols
1%

Score Distribution

Percentile by Number Answered

Percent of People with Each Score

Your Score History

You have not taken this quiz